Managing and delivering performance / (Record no. 2483)

MARC details
000 -LEADER
fixed length control field 00814nam a2200253 4500
003 - CONTROL NUMBER IDENTIFIER
control field OSt
005 - DATE AND TIME OF LATEST TRANSACTION
control field 20240722013646.0
008 - FIXED-LENGTH DATA ELEMENTS--GENERAL INFORMATION
fixed length control field 240722b |||||||| |||| 00| 0 eng d
020 ## - INTERNATIONAL STANDARD BOOK NUMBER
International Standard Book Number 9780750687102
040 ## - CATALOGING SOURCE
Original cataloging agency DWCL-Main lib.
Transcribing agency OC
082 ## - DEWEY DECIMAL CLASSIFICATION NUMBER
Classification number Circ. 351 M358m 2009
006 - FIXED-LENGTH DATA ELEMENTS--ADDITIONAL MATERIAL CHARACTERISTICS
fixed length control field a
100 ## - MAIN ENTRY--PERSONAL NAME
Personal name Marr, Bernard
245 ## - TITLE STATEMENT
Title Managing and delivering performance /
260 ## - PUBLICATION, DISTRIBUTION, ETC.
Place of publication, distribution, etc. Amsterdam:
Name of publisher, distributor, etc. Elsevier/Butterworth-Heinemann,
Date of publication, distribution, etc. c2009.
300 ## - PHYSICAL DESCRIPTION
Extent xii,
Other physical details 295 p. : ill. ;
Dimensions 23 cm.
504 ## - BIBLIOGRAPHY, ETC. NOTE
Bibliography, etc. note Includes bibliographical references & index.<br/>
650 ## - SUBJECT ADDED ENTRY--TOPICAL TERM
Topical term or geographic name entry element 1. Public administration.
650 ## - SUBJECT ADDED ENTRY--TOPICAL TERM
Topical term or geographic name entry element 2. Performance standard-Management.
650 ## - SUBJECT ADDED ENTRY--TOPICAL TERM
Topical term or geographic name entry element 3. Strategic planning.
650 ## - SUBJECT ADDED ENTRY--TOPICAL TERM
Topical term or geographic name entry element 4. Organizational effectiveness.
650 ## - SUBJECT ADDED ENTRY--TOPICAL TERM
Topical term or geographic name entry element 5. Public administration-Case studies.
942 ## - ADDED ENTRY ELEMENTS (KOHA)
Source of classification or shelving scheme Dewey Decimal Classification
Suppress in OPAC No
Koha item type Book Circulation
Call number prefix Circ.
Holdings
Withdrawn status Lost status Source of classification or shelving scheme Damaged status Not for loan Home library Current library Date acquired Source of acquisition Total Checkouts Full call number Barcode Date last seen Copy number Price effective from Koha item type Uniform Resource Identifier
    Dewey Decimal Classification     College Library College Library 07/07/2010 School Fund   Circ. 351 M358m 2009 47468 07/22/2024 c1 07/22/2024 Book Circulation